000 00685nas a2200217 4500
001 BR9501927
003 BR-BrBNA
005 20231205093939.0
007 ta
008 230509b bl.|||p| |||| 00| 00por d
040 _aBR-BrBNA
_bpor
_cBiblioteca Nacional de Agricultura
041 _a(Es)
072 _aM40
100 1 _aBorzone, C.A.
245 1 _aSobre la predacion de Venus antiqua king e Broderip, 1835 (Bivalvia, Veneridae)por Polinices sp. (Gastropoda, Naticidae)
650 _aMolusco
650 _aMalacologia
773 0 _tAtlantica (Brazil)
_xISSN 0102-1656
_g(1988), v. 10(1) p. 75-84
_wBR9501927
909 _a202311
_bLúcia
_c55
_dLúcia Elande
942 _2AGRIS
_n0
_cANA
999 _c141240
_d141240